Statistics for Municipis de la comarca de la Conca de Barberà(Catalunya)

Click here to take the quiz!

General Stats

  • This quiz has been taken 41 times
  • The average score is 10 of 22

Answer Stats

HintAnswer% Correct
MMontblanc
96%
SQSanta Coloma de Queralt
79%
EEspluga de Francolí
63%
BBarberà de la Conca
58%
SSarral
58%
VPVimbodí i Poblet
58%
PPira
46%
RRocafort de Queralt
46%
SSolivella
42%
VPVilanova de Prades
42%
VVilaverd
42%
BBlancafort
38%
FForès
38%
SSenan
38%
VRVallfogona de Riucorb
38%
CConesa
33%
PLes Piles
33%
VVallclara
33%
LLlorac
29%
PPontils
29%
PBPassanant i Belltall
25%
SCSavallà del Comtat
21%

Score Distribution

Percentile by Number Answered

Percent of People with Each Score

Your Score History

You have not taken this quiz